Le monachisme errant dans l'Islam : Sīdi Heddi et les Heddāwa /

محفوظ في:

المؤلف الرئيسي: Brunel, René (مؤلف)

التنسيق: كتاب

اللغة: French

منشور في: Paris : Librairie Larose, 1955.

سلاسل: Publications de l'Institut des hautes études marocaines ; 48.

الموضوعات:

الوسوم: إضافة وسم

لا توجد وسوم, كن أول من يضع وسما على هذه التسجيلة!

رقم الطلب: BP189.7 .H3 B7 1955

LEADER 00911nam a2200265I 4500
001 5107
003 OSt
005 20251005073731.0
008 130303s1955 fr bfh b 000 0 fre d
010 |a 60033896 
035 |a ocm01986725 
040 |c ARCE Library 
050 4 |a BP189.7 .H3 B7 1955 
100 1 |a Brunel, René,   |e author,   |9 27423 
245 1 3 |a Le monachisme errant dans l'Islam :  |b Sīdi Heddi et les Heddāwa /  |c René Brunel. 
264 1 |a Paris :   |b Librairie Larose,   |c 1955. 
300 |a 471 pages :  |b 12 plates (incl. facsims.) map ;   |c 29 cm. 
490 1 |a Publications de l'Institut des hautes études marocaines ;  |v 48. 
504 |a Bibliographical footnotes. 
600 2 0 |a Haddi ibn Muḥammad, Sayyidī,  |d active 1800.  |9 31308 
650 0 |a Haddāwā.  |9 3117 
830 0 |a Publications de l'Institut des hautes études marocaines ;   |v 48. 
901 |a reviewed 
942 |c BK  |2 lcc 
999 |c 5496  |d 5496